000 00460nam a2200181Ia 4500
008 230711s9999||||xx |||||||||||||| ||und||
020 _a978-93-272-1917-3
041 _aENG
082 _a658
_bBA-M
100 _aBansal ,Sandeep K
245 0 _aManagement of financial services
250 _a1st Ed.
260 _c2012
_aNew Delhi
_bKalyani Publishers House
300 _a342
650 _aUNIVESITY BUSNIESS SCHOOL
700 _aBansal Rama
942 _cBK
999 _c5542
_d5542